Popular tables arranged in a new form, giving information at sight for ascertaining, according to the Carlisle table of mortality, the value of lifehold, leasehold, and church property, renewal fines, &c., the public funds, annual average price and interest on consols from 1731 to 1871. Also various interesting and useful tables, equally adapted to the office and the library table (Record no. 114433)

MARC details
000 -LEADER
fixed length control field 00954cam a22001935a 4500
001 - CONTROL NUMBER
control field L156817
008 - FIXED-LENGTH DATA ELEMENTS--GENERAL INFORMATION
fixed length control field 120717s1871 xxk f 000 0 eng d
035 ## - SYSTEM CONTROL NUMBER
System control number (Sirsi) u156817
041 0# - LANGUAGE CODE
Language code of text/sound track or separate title eng
100 1# - MAIN ENTRY--PERSONAL NAME
Personal name Willich, Charles M.
Fuller form of name (Charles Madinger)
Dates associated with a name d. 1867
245 00 - TITLE STATEMENT
Title Popular tables arranged in a new form, giving information at sight for ascertaining, according to the Carlisle table of mortality, the value of lifehold, leasehold, and church property, renewal fines, &c., the public funds, annual average price and interest on consols from 1731 to 1871. Also various interesting and useful tables, equally adapted to the office and the library table
260 ## - PUBLICATION, DISTRIBUTION, ETC.
Place of publication, distribution, etc. London
Name of publisher, distributor, etc. Longmans, Green, Reader, and Dyer
Date of publication, distribution, etc. MDCCCLXXI [1871]
300 ## - PHYSICAL DESCRIPTION
Extent xxii, 195 p.
Dimensions 20 cm.
520 ## - SUMMARY, ETC.
Summary, etc. Contains annotations.
583 ## - ACTION NOTE
Action Condition reviewed
Time/date of action 20120620
Status condition level 1
651 #4 - SUBJECT ADDED ENTRY--GEOGRAPHIC NAME
Geographic name Great Britain
Chronological subdivision 1707-
690 ## - LOCAL SUBJECT ADDED ENTRY--TOPICAL TERM (OCLC, RLIN)
Topical term or geographic name as entry element Finance and taxation
942 ## - ADDED ENTRY ELEMENTS (KOHA)
Suppress in OPAC 0
Holdings
Withdrawn status Lost status Source of classification or shelving scheme Damaged status Not for loan Home library Current library Shelving location Date acquired Total Checkouts Full call number Barcode Date last seen Copy number Price effective from Koha item type
    Dewey Decimal Classification     Historic collection Historic collection Historic collection 17/07/2012   OCTAVO 1871 WILLICH 30076943 06/08/2019 1 06/08/2019 Book